00556nam a22001817a 45000010005000000030006000050050017000110080041000280400029000690500015000980820011001131000015001242450020001392600041001593000058002005050008002585200108002668076FISKH20250821111927.0250821b cb ||||| |||| 00| 0 eng d aFISKHbengcFISKHdFISKH aQL756 .D38 a591.56 aE. K Davis aAnimal homes /  aNew York : Ab Golden Book, c1982.  a24 unnumbered pages : bcolor illustrations ; c16 cm aNP  aSimple text and illustrations describe the homes of various animals including turtles, seals, and ants.